Every Major City in Venezuela - Statistics

General Stats
  • This quiz has been taken 13 times
  • The average score is 4 of 7
Answer Stats
Answer % Correct
Caracas
100%
Maracaibo
100%
Valencia
80%
Barquisimeto
50%
Ciudad Guayana
40%
Ciudad Bolivar
30%
Puerto La Cruz
20%
No matching quizzes found
Score Distribution
Percent of People with Each Score
Percentile by Number Answered
Your Score History
You have not taken this quiz